zpět

Detail výsledku týmu

Pardubický Pub PO, Pardubice

Datum a čas kvízu

26.5 Celkem bodů Celkový počet nahraných bodů na tomto kvízu bez doplňovacích otázek.
6. Pořadí na kvízu Konečné umístění týmu na tomto kvízu.

Zaznamenané odpovědi

# Otázka Odpověď Body Výsledky
1. Nezvykle brzy letos vykvetly n... Jizerka 0
2. V pondělí večer došlo k úplném... přes Severní Ameriku 1
3. Rozhořčení občané jednoho měst... v Táboře 0
4. Patříte-li mezi zákazníky inte... fialová 0
5. Který německý fotbalový klub s... Bayer Leverkusen 0
6. V pěti otázkách tohoto tématu... na 2. stupni 1
7. Jaká je denní dávka kuchyňské... B 0
8. Kala namak je zvláštním druhem... A) černá 0
9. Nejen lidé, ale i zvířata potř... liz 0
10. Chcete-li si užít blahodárného... D) Bad Ischl 0